New cutting edge, (Record no. 14848)
[ view plain ]
| 000 -LEADER | |
|---|---|
| fixed length control field | 01276nam a22003255a 4500 |
| 003 - CONTROL NUMBER IDENTIFIER | |
| control field | EG-ScBUE |
| 005 - DATE AND TIME OF LATEST TRANSACTION | |
| control field | 20220525123011.0 |
| 008 - FIXED-LENGTH DATA ELEMENTS--GENERAL INFORMATION | |
| fixed length control field | 100701s2005 enka f 000 0 eng d |
| 020 ## - INTERNATIONAL STANDARD BOOK NUMBER | |
| International Standard Book Number | 0582825202 (Work book) |
| 020 ## - INTERNATIONAL STANDARD BOOK NUMBER | |
| International Standard Book Number | 9780582825208 (Workbook) |
| 040 ## - CATALOGING SOURCE | |
| Original cataloging agency | EG-ScBUE |
| Language of cataloging | eng |
| Description conventions | rda |
| Transcribing agency | EG-ScBUE |
| Modifying agency | EG-ScBUE |
| 082 04 - DEWEY DECIMAL CLASSIFICATION NUMBER | |
| Classification number | 428.24 |
| Item number | COM |
| Edition number | 22 |
| 100 1# - MAIN ENTRY--PERSONAL NAME | |
| Personal name | Comyns Carr, Jane, |
| Relator term | author. |
| 9 (RLIN) | 14285 |
| 245 10 - TITLE STATEMENT | |
| Title | New cutting edge, |
| Name of part/section of a work | Intermediate, |
| -- | Workbook / |
| Statement of responsibility, etc | Janes Comyns Carr, Frances Eales |
| 246 34 - VARYING FORM OF TITLE | |
| Title proper/short title | New cutting edge, |
| Name of part/section of a work | Intermediate, |
| -- | Workbook with key |
| 264 #1 - PUBLICATION, DISTRIBUTION, ETC. (IMPRINT) | |
| Place of publication, distribution, etc | Harlow, England : |
| Name of publisher, distributor, etc | Pearson Education Limited, |
| Date of publication, distribution, etc | 2005. |
| 300 ## - PHYSICAL DESCRIPTION | |
| Extent | 111 pages : |
| Other physical details | illustrations ; |
| Dimensions | 28 cm |
| 336 ## - CONTENT TYPE | |
| Source | rdacontent |
| Content type term | text |
| Content type code | txt |
| 337 ## - MEDIA TYPE | |
| Source | rdamedia |
| Media type term | unmediated |
| Media type code | n |
| 338 ## - CARRIER TYPE | |
| Source | rdacarrier |
| Carrier type term | volume |
| Carrier type code | nc |
| 500 ## - GENERAL NOTE | |
| General note | on the cover : New Cutting edge. Intermediate WorkBook with key |
| 650 #7 - SUBJECT ADDED ENTRY--TOPICAL TERM | |
| Topical term or geographic name as entry element | English language |
| Form subdivision | Textbooks for foreign speakers. |
| Source of heading or term | BUEsh |
| 9 (RLIN) | 13993 |
| 650 #7 - SUBJECT ADDED ENTRY--TOPICAL TERM | |
| Topical term or geographic name as entry element | English language |
| General subdivision | Study and teaching |
| -- | Foreign speakers. |
| Source of heading or term | BUEsh |
| 9 (RLIN) | 10860 |
| 650 #7 - SUBJECT ADDED ENTRY--TOPICAL TERM | |
| Topical term or geographic name as entry element | English language |
| General subdivision | Grammar |
| Form subdivision | Problems, exercises, etc. |
| Source of heading or term | BUEsh |
| 9 (RLIN) | 13890 |
| 651 ## - SUBJECT ADDED ENTRY--GEOGRAPHIC NAME | |
| Source of heading or term | BUEsh |
| 653 ## - INDEX TERM--UNCONTROLLED | |
| Resource For college | Humanities: English |
| Arrived date list | December2018 |
| 655 ## - INDEX TERM--GENRE/FORM | |
| Form subdivision | Reading book |
| 9 (RLIN) | 34232 |
| 700 1# - ADDED ENTRY--PERSONAL NAME | |
| Personal name | Eales, Frances, |
| Relator term | author. |
| 9 (RLIN) | 9991 |
| 942 ## - ADDED ENTRY ELEMENTS (KOHA) | |
| Source of classification or shelving scheme | Dewey Decimal Classification |
| Koha item type | Book - Borrowing |
| Withdrawn status | Lost status | Source of classification or shelving scheme | Damaged status | Not for loan | Collection code | Home library | Current library | Shelving location | Date acquired | Source of acquisition | Total Checkouts | Full call number | Barcode | Date last seen | Price effective from | Koha item type |
|---|---|---|---|---|---|---|---|---|---|---|---|---|---|---|---|---|
| Dewey Decimal Classification | Central Library | Central Library | Second Floor | 29/11/2010 | 428.24 COM | 000004748 | 15/07/2025 | 29/11/2010 | Book - Borrowing | |||||||
| Dewey Decimal Classification | Central Library | Central Library | Second Floor | 29/11/2010 | 428.24 COM | 000004749 | 15/07/2025 | 29/11/2010 | Book - Borrowing | |||||||
| Dewey Decimal Classification | Central Library | Central Library | Second Floor | 29/11/2010 | 428.24 COM | 000004752 | 15/07/2025 | 29/11/2010 | Book - Borrowing | |||||||
| Dewey Decimal Classification | Central Library | Central Library | Second Floor | 29/11/2010 | 428.24 COM | 000004751 | 15/07/2025 | 29/11/2010 | Book - Borrowing | |||||||
| Dewey Decimal Classification | Central Library | Central Library | Second Floor | 29/11/2010 | 428.24 COM | 000030119 | 15/07/2025 | Book - Borrowing | ||||||||
| Dewey Decimal Classification | Central Library | Central Library | Second Floor | 29/11/2010 | 428.24 COM | 000004753 | 15/07/2025 | 29/11/2010 | Book - Borrowing | |||||||
| Dewey Decimal Classification | Central Library | Central Library | Second Floor | 29/11/2010 | 428.24 COM | 000004755 | 15/07/2025 | 29/11/2010 | Book - Borrowing | |||||||
| Dewey Decimal Classification | Central Library | Central Library | Second Floor | 29/11/2010 | 428.24 COM | 000004754 | 15/07/2025 | 29/11/2010 | Book - Borrowing | |||||||
| Dewey Decimal Classification | Central Library | Central Library | Second Floor | 29/11/2010 | 428.24 COM | 000004750 | 15/07/2025 | 29/11/2010 | Book - Borrowing |